=LDR 00000nam 2200000 4500 =001 INLIS000000000015507 =005 20130612110804 =008 ***********************************Indo** =035 ##$$0010-061300000015507 =041 ##$$a Indo =082 ##$$a R.503 =090 ##$$a R.503, Sun =100 ##$$a Sunaryo,R.J =245 ##$$a Ensiklopedi IPA, R.J.Soenarjo =260 ##$$a 1993 $b Jakarta =300 ##$$a v 156 hlm, ilus, 20cm =650 ##$$a Sains-Ensiklopedi =850 ##$$a NBPNMAT